National Assembly Library of Thailand

พจนานุกรมศัพท์ธรณีวิทยา ฉบับราชบัณฑิตยสถาน (ระเบียนเลขที่ 22862)

รายละเอียดในรูปแบบ MARC
000 -LEADER
fixed length control field 01084nam a22002417a 4500
005 - DATE AND TIME OF LATEST TRANSACTION
control field 20210325185410.0
008 - FIXED-LENGTH DATA ELEMENTS--GENERAL INFORMATION
fixed length control field s2544 th tha d
020 ## - INTERNATIONAL STANDARD BOOK NUMBER
International Standard Book Number 9748212367
041 ## - LANGUAGE CODE
Language code of text/sound track or separate title tha
090 ## - LOCALLY ASSIGNED LC-TYPE CALL NUMBER (OCLC); LOCAL CALL NUMBER (RLIN)
Classification number (OCLC) (R) ; Classification number, CALL (RLIN) (NR) อ AG750 ร421พ 2544
110 0# - MAIN ENTRY--CORPORATE NAME
Corporate name or jurisdiction name as entry element ราชบัณฑิตยสถาน
245 10 - TITLE STATEMENT
Title พจนานุกรมศัพท์ธรณีวิทยา ฉบับราชบัณฑิตยสถาน
260 3# - PUBLICATION, DISTRIBUTION, ETC.
Place of publication, distribution, etc. กรุงเทพฯ :
Name of publisher, distributor, etc. ราชบัณฑิตยสถาน,
Date of publication, distribution, etc. 2544
300 ## - PHYSICAL DESCRIPTION
Extent 374 หน้า :
Other physical details ภาพประกอบ, ตาราง ;
Dimensions 28 ซม.
610 ## - SUBJECT ADDED ENTRY--CORPORATE NAME
Corporate name or jurisdiction name as entry element ราชบัณฑิตยสถาน
650 04 - SUBJECT ADDED ENTRY--TOPICAL TERM
Topical term or geographic name entry element ธรณีวิทยา -- พจนานุกรม
650 04 - SUBJECT ADDED ENTRY--TOPICAL TERM
Topical term or geographic name entry element ธรณีวิทยา -- ศัพท์บัญญัติ
650 04 - SUBJECT ADDED ENTRY--TOPICAL TERM
Topical term or geographic name entry element ธรณีวิทยา -- ศัพท์บัญญัติธรณีวิทยา -- พจนานุกรม
850 ## - HOLDING INSTITUTION
Holding institution NALT
942 ## - ADDED ENTRY ELEMENTS (KOHA)
Koha item type Reference Book
997 ## -
-- 000000000022862
998 ## - LOCAL CONTROL INFORMATION (RLIN)
-- NOOPIN
รายการที่มีในห้องสมุด
Withdrawn status Lost status Damaged status Not for loan Collection code Home library Current library Total Checkouts Full call number Barcode Date last seen Price effective from Koha item type Source of classification or shelving scheme Shelving location Date acquired
        Reference Book collection National Assembly Library of Thailand National Assembly Library of Thailand   อ AG750 ร421พ 2544 3961138236 09/06/2017 09/06/2017 Reference Book      
        Senate National Assembly Library of Thailand National Assembly Library of Thailand   อ AG 750 ร421พ 2544 0100005805001 31/03/2023 02/05/2022 Reference Book Local Classification Reference shelves 02/05/2022
หอสมุดรัฐสภา
สำนักงานเลขาธิการสภาผู้แทนราษฎร เลขที่ 1111 ถนนสามเสน แขวงถนนนครไชยศรี เขตดุสิต กรุงเทพฯ 10300
The Secretariat of the House of Representatives 1111 Samsen Road, Thanon Nakhon Chai Si, Dusit, Bangkok 10300, THAILAND
โทรศัพท์: +66(0) 2242 5900 ต่อ 5714-5 โทรสาร: +66(0) 2242 5990 อีเมล: [email protected]